000 00962nas a2200289 4500
001 BR0502318
003 BR-BrBNA
005 20231205105316.0
007 ta
008 230509b bl.|||p| |||| 00| 00por d
040 _aBR-BrBNA
_bpor
_cBiblioteca Nacional de Agricultura
041 _a(Pt)
072 _aH10
100 1 _aDalmolin, A.
100 1 _aMelo, G.A.R.
100 1 _aPerioto, N.W.
245 1 _aNovas espécies de Prodecatoma (Hymenoptera, Eurytomidae)associadas a galhas em frutos de duas espécies de Psidium L. (Myrtaceae), com comentários sobre Prodecatoma spermophaga Costa-Lima
650 _aMYRTACEAE
650 _aDICOTILEDÔNEA
650 _aBIOLOGIA
650 _aCONTROLE BIOLÓGICO
650 _aVESPA
650 _aHIMENOPTERO
773 0 _tRevista Brasileira de Entomologia (Brazil)
_xISSN 0085-5626
_g(Oct-Dec 2004), v. 48(4) p. 519-528
_wBR0502318
909 _a202311
_bLúcia
_c55
_dLúcia Elande
942 _2AGRIS
_n0
_cANA
999 _c182290
_d182290